01169naa a22002897a 4500001001000000003000900010005001700019007000300036008003400039040005400073041000900127072001400136090001800150100001600168111007500184245007500259260003800334500010700372650003300479650001800512650002700530773010400557909003600661942001400697999001900711952014900730BR7804745BR-BrBNA20240918174140.0ta230509b bl.||||| |||| 00| 0 por d aBR-BrBNAbporcBiblioteca Nacional de Agricultura a(Pt) aL10b5214 aL10 BR78047451 aSilva, A.G.1 aEncontro sobre Pecuaria LeiteiracSao Carlos, SP (Brazil)d23 Apr 19781 aInseminacao artificial em gado de leite [Melhoramento genetico animal]3 aSao Carlos, SP (Brasil): c1978.  aAnais do Encontro sobre Pecuaria Leiteira Sao Carlos, SP (Brasil): 1978. p. 165-166 (BR7804745-AM)L10  aMelhoramento genetico animal aGado leiteiro aInseminacao artificial0 tAnais do Encontro sobre Pecuaria LeiteirawL10 BR7804745gSao Carlos, SP (Brasil), 1978. p. 165-166 a202404bLuciac55dLucia Elande cAM2AGRIS c309210d309210 002AGRIS40708Acervo Gerala41918b41918cAgrobasel0o5214 BR7804697r2024-05-20t01yAM10d2024-04-11ePortaria Interministerial nÂș 164/94